[Event "GER-ch Youth U10W 2020"]
[Site "Willingen"]
[Date "2020.10.28"]
[Round "2.8"]
[White "John, Linnea"]
[Black "Yan, Jenny"]
[Result "1/2-1/2"]
[WhiteElo "1146"]
[BlackElo "952"]
[Annotator "NA RC"]
[PlyCount "79"]
[EventDate "2020.10.27"]
[EventType "swiss"]
[EventRounds "7"]
[EventCountry "GER"]
[SourceTitle "playchess.com"]
[Source "ChessBase"]
[SourceQuality "1"]
[TimeControl "40/4500+30:900+30"]

1. e4 {[%emt 0:00:00]} e5 {[%emt 0:00:00]} 2. Nf3 {[%emt 0:00:00]} Nc6 {[%emt 0:00:03]} 3. d4 {[%emt 0:00:00]} exd4 {[%emt 0:00:32]} 4. Nxd4 {[%emt 0:00:01]} Nf6 {[%emt 0:00:51]} 5. Nxc6 {[%emt 0:00:22]} bxc6 {[%emt 0:01:07]} 6. Bd3 {[%emt 0:00:43]} d5 {[%emt 0:01:15]} 7. exd5 {[%emt 0:01:11]} cxd5 {[%emt 0:00:50]} 8. O-O {[%emt 0:00:37]} Bc5 {[%emt 0:01:08]} 9. Re1+ {[%emt 0:00:34]} Be6 {[%emt 0:01:06]} 10. Bb5+ {[%emt 0:01:51]} Nd7 {[%emt 0:01:06]} 11. Qxd5 {[%emt 0:05:21]} O-O {[%emt 0:02:46]} 12. Qf3 {[%emt 0:10:47]} Rb8 {[%emt 0:04:10]} 13. Nc3 {[%emt 0:01:56]} Bd4 {[%emt 0:03:03]} 14. Bxd7 {[%emt 0:03:02]} Qxd7 {[%emt 0:00:32]} 15. Rd1 {[%emt 0:00:40]} c5 {[%emt 0:04:26]} 16. Ne2 {[%emt 0:03:18]} Bg4 {[%emt 0:02:19]} 17. Qd3 {[%emt 0:08:18]} Rbd8 {[%emt 0:05:18]} 18. Bg5 {[%emt 0:04:50]} f6 {[%emt 0:01:48]} 19. Bf4 {[%emt 0:06:15]} Rfe8 {[%emt 0:02:39]} 20. c3 {[%emt 0:03:23]} Bxf2+ {[%emt 0:00:30]} 21. Kxf2 {[%emt 0:01:03]} Qxd3 {[%emt 0:00:14]} 22. Rxd3 {[%emt 0:00:18]} Rxd3 {[%emt 0:00:11]} 23. Ng3 {[%emt 0:01:35]} g5 {[%emt 0:01:11]} 24. Bb8 {[%emt 0:02:54]} Rd2+ 25. Kf1 {[%emt 0:01:08]} Rxb8 {[%emt 0:01:51]} 26. Ne4 {[%emt 0:02:56]} Rbxb2 {[%emt 0:01:13]} 27. Nxd2 {[%emt 0:01:09]} Rxd2 {[%emt 0:00:16]} 28. a3 {[%emt 0:00:18]} Bf5 {[%emt 0:01:52]} 29. Rc1 {[%emt 0:01:27]} Bd3+ {[%emt 0:00:31]} 30. Kg1 {[%emt 0:01:05]} Re2 {[%emt 0:00:22]} 31. Rd1 {[%emt 0:00:57]} Be4 {[%emt 0:00:44]} 32. g3 {[%emt 0:01:00]} Rg2+ {[%emt 0:00:50]} 33. Kf1 {[%emt 0:00:43]} Rxh2 {[%emt 0:00:00]} 34. Rd7 {[%emt 0:01:57]} Bg2+ {[%emt 0:00:20]} 35. Kg1 {[%emt 0:00:56]} Rh1+ {[%emt 0:01:23]} 36. Kxg2 {[%emt 0:00:34]} Rc1 {[%emt 0:00:21]} 37. Rxa7 {[%emt 0:01:21]} Rxc3 {[%emt 0:00:21]} 38. a4 {[%emt 0:00:35]} Rc2+ {[%emt 0:00:46]} 39. Kf3 {[%emt 0:00:35]} Rc4 {[%emt 0:01:04]} 40. a5 {[%emt 0:01:21]} 1/2-1/2

[Event "GER-ch Youth U10W 2020"]
[Site "Willingen"]
[Date "2020.10.28"]
[Round "2.9"]
[White "Tran, Hanna Emilie Mai Hoa"]
[Black "Schube, Theresa"]
[Result "0-1"]
[WhiteElo "986"]
[BlackElo "1131"]
[Annotator "NA RC"]
[PlyCount "140"]
[EventDate "2020.10.27"]
[EventType "swiss"]
[EventRounds "7"]
[EventCountry "GER"]
[SourceTitle "playchess.com"]
[Source "ChessBase"]
[SourceQuality "1"]
[TimeControl "40/4500+30:900+30"]

1. e4 {[%emt 0:00:00]} e5 {[%emt 0:00:00]} 2. Nf3 {[%emt 0:00:00]} Nc6 {[%emt 0:00:06]} 3. Bc4 {[%emt 0:00:55]} Bc5 {[%emt 0:00:41]} 4. O-O {[%emt 0:01:23]} d6 {[%emt 0:01:14]} 5. h3 {[%emt 0:00:53]} Nf6 {[%emt 0:01:45]} 6. d3 {[%emt 0:00:37]} h6 {[%emt 0:01:07]} 7. Nc3 {[%emt 0:02:35]} O-O {[%emt 0:02:42]} 8. Be3 {[%emt 0:01:42]} Bb6 {[%emt 0:01:52]} 9. d4 {[%emt 0:03:31]} Nxe4 {[%emt 0:07:28]} 10. Nxe4 {[%emt 0:01:28]} d5 {[%emt 0:00:21]} 11. Bd3 {[%emt 0:00:19]} exd4 {[%emt 0:02:58]} 12. Bf4 {[%emt 0:01:41]} dxe4 {[%emt 0:05:08]} 13. Bxe4 {[%emt 0:00:17]} Re8 {[%emt 0:06:20]} 14. Re1 {[%emt 0:01:31]} f5 {[%emt 0:06:34]} 15. Bd5+ {[%emt 0:02:47]} Kf8 {[%emt 0:04:22]} 16. Rxe8+ {[%emt 0:01:55]} Kxe8 {[%emt 0:03:33]} 17. Qe1+ {[%emt 0:01:26]} Qe7 {[%emt 0:02:31]} 18. Qxe7+ {[%emt 0:01:43]} Kxe7 {[%emt 0:01:37]} 19. Re1+ {[%emt 0:00:33]} Kf8 {[%emt 0:01:13]} 20. Ne5 {[%emt 0:00:44]} Nxe5 {[%emt 0:04:04]} 21. Rxe5 {[%emt 0:01:02]} c6 {[%emt 0:04:17]} 22. Bc4 {[%emt 0:01:35]} Bc7 {[%emt 0:01:26]} 23. Re2 {[%emt 0:01:54]} Bxf4 {[%emt 0:01:20]} 24. g3 {[%emt 0:00:34]} Bc7 {[%emt 0:02:19]} 25. Kg2 {[%emt 0:00:50]} Bd7 {[%emt 0:01:05]} 26. f3 {[%emt 0:00:25]} Re8 {[%emt 0:00:49]} 27. Rxe8+ {[%emt 0:00:21]} Bxe8 {[%emt 0:01:57]} 28. g4 {[%emt 0:00:41]} fxg4 {[%emt 0:01:03]} 29. hxg4 {[%emt 0:00:36]} Bf7 {[%emt 0:01:17]} 30. Bxf7 {[%emt 0:02:12]} Kxf7 {[%emt 0:01:36]} 31. Kf2 {[%emt 0:00:16]} Ke6 {[%emt 0:01:06]} 32. Ke2 {[%emt 0:00:18]} Kd5 {[%emt 0:01:30]} 33. Kd3 {[%emt 0:00:11]} c5 {[%emt 0:00:43]} 34. b3 {[%emt 0:00:36]} b5 {[%emt 0:00:52]} 35. c4+ {[%emt 0:00:28]} bxc4+ {[%emt 0:00:52]} 36. bxc4+ {[%emt 0:00:59]} Ke5 {[%emt 0:00:49]} 37. a3 {[%emt 0:00:33]} a5 {[%emt 0:00:49]} 38. a4 {[%emt 0:00:12]} Kf4 {[%emt 0:01:00]} 39. Ke2 {[%emt 0:00:19]} Kg3 {[%emt 0:01:48]} 40. Kd3 {[%emt 0:00:18]} Kxf3 {[%emt 0:02:21]} 41. Kd2 {[%emt 0:16:57]} Kxg4 {[%emt 0:16:23]} 42. Kd3 {[%emt 0:00:15]} h5 {[%emt 0:00:23]} 43. Ke4 {[%emt 0:00:08]} h4 {[%emt 0:00:19]} 44. Kd5 {[%emt 0:00:07]} h3 {[%emt 0:00:31]} 45. Kxc5 {[%emt 0:00:06]} h2 {[%emt 0:00:20]} 46. Kc6 {[%emt 0:00:07]} h1=Q+ {[%emt 0:00:28]} 47. Kxc7 {[%emt 0:00:04]} Qh6 {[%emt 0:00:32]} 48. c5 {[%emt 0:00:10]} g5 {[%emt 0:00:49]} 49. c6 {[%emt 0:00:07]} Qg7+ {[%emt 0:00:58]} 50. Kb6 {[%emt 0:00:12]} Qf8 {[%emt 0:00:28]} 51. Kxa5 {[%emt 0:00:13]} Qc8 {[%emt 0:00:32]} 52. Kb6 {[%emt 0:00:13]} Qb8+ {[%emt 0:00:47]} 53. Kc5 {[%emt 0:00:20]} Qc7 {[%emt 0:00:33]} 54. a5 {[%emt 0:00:17]} Qxa5+ {[%emt 0:00:24]} 55. Kd6 {[%emt 0:00:07]} Qc3 {[%emt 0:00:25]} 56. c7 {[%emt 0:00:39]} Qxc7+ {[%emt 0:00:15]} 57. Kxc7 {[%emt 0:00:09]} d3 {[%emt 0:00:07]} 58. Kd6 {[%emt 0:00:05]} d2 {[%emt 0:00:08]} 59. Ke5 {[%emt 0:00:04]} d1=Q {[%emt 0:00:10]} 60. Ke6 {[%emt 0:00:20]} Qa4 {[%emt 0:00:29]} 61. Ke5 {[%emt 0:01:21]} Qf4+ {[%emt 0:00:36]} 62. Kd5 {[%emt 0:00:23]} Kf3 {[%emt 0:00:12]} 63. Ke6 {[%emt 0:00:15]} Ke4 {[%emt 0:00:17]} 64. Kd7 {[%emt 0:00:15]} Qf6 {[%emt 0:00:24]} 65. Kc7 {[%emt 0:00:09]} Kd5 {[%emt 0:00:19]} 66. Kb7 {[%emt 0:00:11]} Qc6+ {[%emt 0:00:21]} 67. Ka7 {[%emt 0:00:15]} Kc5 {[%emt 0:00:13]} 68. Kb8 {[%emt 0:00:08]} Qd7 {[%emt 0:00:09]} 69. Ka8 {[%emt 0:00:12]} Kb6 {[%emt 0:00:08]} 70. Kb8 {[%emt 0:00:05]} Qd8# 0-1

[Event "GER-ch Youth U10W 2020"]
[Site "Willingen"]
[Date "2020.10.28"]
[Round "2.10"]
[White "Zhu, Jenny"]
[Black "De Oliveira, Maria Cristina B."]
[Result "0-1"]
[WhiteElo "1573"]
[BlackElo "2095"]
[Annotator "TA"]
[PlyCount "140"]
[EventDate "2020.10.27"]
[EventType "swiss"]
[EventRounds "7"]
[EventCountry "GER"]
[SourceTitle "playchess.com"]
[Source "ChessBase"]
[SourceQuality "1"]

{[%evp 9,139,28,52,47,41,-29,-44,-48,-35,-63,37,19,48,-2,29,-37,0,-22,21,-285,-283,-277,-279,-281,-139,-200,144,-222,0,-516,-517,-500,-506,-554,-556,-518,-540,-719,-714,-863,-856,-981,-972,-1210,-1145,-1046,-1160,-29988,0,0,0,0,0,-1944,-141,-193,-108,-175,-108,-108,-8,-8,-8,-714,-637,-29987,-29971,-29963,-29947,-29979,-29980,-29980,-29980,-29981,-29981,-29981,-29982,-29982,-29983,-29983,-29984,-29984,-29985,-29985,-29986,-29987,-29987,-29987,-29988,-29988,-29989,-29990,-29991,-29991,-29986,-29986,-29985,-29986,-29986,-29986,-29987,-29988,-29987,-29987,-29988,-29988,-29989,-29989,-29990,-29990,-29991,-29991,-29992,-29992,-29993,-29993,-29993,-29994,-29995,-29998,-29997,-29997,-29997,-29997,-29995,-29996,-29997,-29997,-29997,-29998,-29999,-29999]} 1. e4 e5 2. Nf3 Nc6 3. Bc4 Nf6 4. d3 h6 5. c3 Be7 6. h3 {C55: Two Knights: 4 d3, 4 d4 exd4 5 e5 and Max Lange Attack.} O-O 7. Be3 (7. O-O $14) 7... d5 $11 8. exd5 {Black is slightly better.} Nxd5 9. Qe2 Nf4 ({Black should try} 9... Bf5 $15) 10. Bxf4 $1 $14 exf4 11. O-O Re8 12. Nbd2 ({White should play} 12. d4 $11) 12... Bf5 (12... Bf8 $5 {[%cal Re8e2]} 13. Qd1 Na5 $11) 13. Ne4 Bf6 14. Nd4 $2 {[%mdl 8192]} (14. Rad1 $11 {and White is okay.}) 14... Bxd4 $19 ({Don't do} 14... Nxd4 15. cxd4 Bxd4 16. Qd2 $19) 15. cxd4 Nxd4 16. Qh5 Qd7 (16... Kh7 $19 {is more deadly. White must now prevent ...g6.} 17. Qxf7 f3) 17. Rae1 (17. Nc5 $17 {was worth a try.} Qe7 18. Rfe1) 17... f3 $2 (17... c6 $19 {Hoping for ...f3!} 18. Nc5 Qc7) 18. gxf3 $2 {[%mdl 8192]} (18. Nc5 $16 g6 19. Nxd7 gxh5 20. Rxe8+ Rxe8 21. Nf6+ {[%mdl 64] Double Attack} Kf8 22. Nxe8 fxg2 23. Kxg2 Kxe8 24. Re1+ Kf8 25. Bd5) 18... Bxh3 $2 {[#]} (18... b5 $1 $19 {[%cal Rb5c4]} 19. Bb3 Nxb3 20. axb3 Bxh3) 19. Bxf7+ $2 {[%mdl 8192]} (19. Nf6+ $1 $11 {[%mdl 512] and White stays safe.} gxf6 20. Qg6+ {[%mdl 64] Double Attack} Kh8 21. Qxh6+ Kg8 22. Qg6+ Kh8 23. Qh6+ Kg8 24. Qg6+ Kh8 25. Qh6+) 19... Qxf7 {[%mdl 64] Double Attack} 20. Qxh3 Nxf3+ {[%mdl 64] Double Attack} 21. Kh1 Nxe1 22. Rxe1 Qxa2 23. Qg3 {intending Nf6+.} Qxb2 24. Qg4 a5 25. Rg1 a4 26. Qg6 Rf8 27. Qxh6 a3 28. Ng5 Rxf2 $2 (28... gxh6 {mates} 29. Ne6+ Kh7 30. f4 Rxf4 $1 {[%mdl 576] Promotion} 31. Nxf4 a2 32. Ng2 Rg8 33. Ne3 Rxg1+ {[%mdl 64] Back Rank} 34. Kxg1 a1=Q+ 35. Nf1 Qe2 $1 {[%mdl 576] Double Attack} 36. Kh1 Qaxf1#) 29. Qe6+ $11 Kh8 {[%csl Gb2][%cal Rf2h2]} 30. Qh3+ Kg8 31. Ne4 $2 {[%mdl 8192] [#]} (31. Qe6+ $11 Kh8 32. Qh3+ Kg8 33. Qe6+) 31... Rh2+ $2 (31... a2 $1 32. Qe6+ Kf8 33. Nxf2 Qxf2) 32. Qxh2 $19 Qxh2+ 33. Kxh2 $17 {[%mdl 4096] Endgame [#] KRN-KR} a2 (33... b5 $1 $19 34. Ra1 b4) 34. Ra1 {[#]} b5 (34... Ra3 $1 $17 {With the idea ...b5.} 35. Kg3 b5) 35. Nc3 $11 b4 {[%cal Bb5b4,Bb4b3][%mdl 32]} 36. Nxa2 $2 {[%mdl 8192] Black keeps a firm grip on the game.} (36. Rxa2 $11 Rxa2+ 37. Nxa2) 36... b3 $19 37. Kg2 bxa2 {KR-KR. Black mates.} 38. Kf2 Kf7 39. Ke2 Ke6 40. Kd2 g5 41. Ke3 Ke5 42. d4+ Kd5 43. Kd3 g4 44. Ke3 g3 45. Kf3 Kxd4 46. Kxg3 c5 47. Kf2 Kd3 48. Ke1 Kc2 49. Ke2 Kb2 50. Rxa2+ Rxa2 {KR-K} 51. Kd3 c4+ 52. Kxc4 Ra3 53. Kd5 Ra4 54. Ke5 Kc3 55. Kf5 Kd3 56. Ke5 Rd4 57. Kf5 Re4 58. Kf6 Kd4 59. Kf5 Kd5 60. Kf6 Re5 61. Kf7 Re6 62. Kf8 Ke5 63. Kf7 Kf5 64. Kf8 Kf6 65. Kg8 Re7 {[%cal Be6e7,Be7f7,Bf7f8][%mdl 32]} 66. Kf8 Ke6 67. Kg8 Rf7 68. Kh8 Kf6 69. Kg8 Kg6 70. Kh8 Rf8# {Av CentiPawn Loss W=-97/B=-64. Weighted=-169/-119} 0-1

[Event "GER-ch Youth U10W 2020"]
[Site "Willingen"]
[Date "2020.10.28"]
[Round "2.12"]
[White "Neininger, Sarah"]
[Black "Peglau, Lorena"]
[Result "1-0"]
[WhiteElo "1469"]
[BlackElo "1061"]
[Annotator "NA RC"]
[PlyCount "103"]
[EventDate "2020.10.27"]
[EventType "swiss"]
[EventRounds "7"]
[EventCountry "GER"]
[SourceTitle "playchess.com"]
[Source "ChessBase"]
[SourceQuality "1"]
[TimeControl "40/4500+30:900+30"]

1. e4 {[%emt 0:00:00]} c6 {[%emt 0:00:00]} 2. Nf3 {[%emt 0:00:00]} d5 {[%emt 0:00:00]} 3. Nc3 {[%emt 0:00:00]} dxe4 {[%emt 0:00:00]} 4. Nxe4 {[%emt 0:00:01]} Bf5 {[%emt 0:00:14]} 5. Ng3 {[%emt 0:00:13]} Bg6 {[%emt 0:00:10]} 6. h4 {[%emt 0:00:19]} h6 {[%emt 0:00:08]} 7. Ne5 {[%emt 0:00:16]} Bh7 {[%emt 0:00:23]} 8. Qh5 {[%emt 0:00:23]} Qd5 {[%emt 0:01:13]} 9. Bc4 {[%emt 0:00:45]} Nf6 {[%emt 0:01:44]} 10. Bxd5 {[%emt 0:01:09]} Nxh5 {[%emt 0:00:20]} 11. Bxf7+ {[%emt 0:00:32]} Kd8 {[%emt 0:00:36]} 12. Bxh5 {[%emt 0:00:33]} Kc7 {[%emt 0:00:21]} 13. Bg6 Bg8 {[%emt 0:00:44]} 14. Nf7 {[%emt 0:01:36]} Bxf7 {[%emt 0:00:08]} 15. Bxf7 {[%emt 0:00:09]} Na6 {[%emt 0:00:58]} 16. d4 {[%emt 0:01:08]} e6 {[%emt 0:00:21]} 17. Bf4+ Kb6 {[%emt 0:00:37]} 18. O-O {[%emt 0:02:54]} Rd8 {[%emt 0:00:25]} 19. Bxe6 {[%emt 0:00:39]} Rxd4 {[%emt 0:00:12]} 20. Be3 {[%emt 0:00:20]} Bc5 {[%emt 0:00:38]} 21. Bxd4 {[%emt 0:00:38]} Bxd4 {[%emt 0:00:12]} 22. c3 {[%emt 0:00:44]} Be5 {[%emt 0:00:32]} 23. Nf5 {[%emt 0:01:25]} g6 {[%emt 0:00:23]} 24. Ne3 {[%emt 0:00:40]} g5 {[%emt 0:00:21]} 25. h5 {[%emt 0:00:33]} Nc5 {[%emt 0:00:18]} 26. Nc4+ {[%emt 0:01:06]} Kc7 {[%emt 0:00:17]} 27. Nxe5 {[%emt 0:00:34]} Nxe6 {[%emt 0:00:12]} 28. Rad1 {[%emt 0:00:18]} Kb6 {[%emt 0:00:21]} 29. Rfe1 {[%emt 0:01:32]} Ng7 {[%emt 0:00:18]} 30. Nc4+ {[%emt 0:00:54]} Kc7 {[%emt 0:00:29]} 31. Re7+ {[%emt 0:00:26]} Kc8 {[%emt 0:00:13]} 32. Rxg7 {[%emt 0:00:23]} b5 {[%emt 0:00:14]} 33. Nd6+ {[%emt 0:00:29]} Kb8 {[%emt 0:00:13]} 34. Nf7 {[%emt 0:00:39]} Re8 {[%emt 0:00:13]} 35. Rd8+ {[%emt 0:00:21]} Rxd8 {[%emt 0:00:11]} 36. Nxd8 {[%emt 0:00:10]} Kc8 {[%emt 0:00:09]} 37. Nf7 {[%emt 0:00:19]} Kb7 {[%emt 0:00:12]} 38. Nxh6+ {[%emt 0:00:16]} Kb6 {[%emt 0:00:08]} 39. Nf5 {[%emt 0:00:15]} g4 {[%emt 0:00:09]} 40. h6 {[%emt 0:00:18]} g3 {[%emt 0:00:07]} 41. Rxg3 {[%emt 0:15:11]} Ka5 {[%emt 0:15:15]} 42. Rg4 {[%emt 0:00:17]} b4 {[%emt 0:00:11]} 43. Rxb4 {[%emt 0:00:30]} a6 {[%emt 0:00:17]} 44. h7 {[%emt 0:00:33]} c5 {[%emt 0:00:07]} 45. Re4 {[%emt 0:00:20]} c4 {[%emt 0:00:12]} 46. h8=Q {[%emt 0:00:14]} Ka4 {[%emt 0:00:15]} 47. Qe8+ {[%emt 0:00:23]} Ka5 {[%emt 0:00:18]} 48. Re5+ {[%emt 0:00:25]} Kb6 {[%emt 0:00:17]} 49. Qb8+ {[%emt 0:00:48]} Kc6 {[%emt 0:00:15]} 50. Qd6+ {[%emt 0:00:13]} Kb7 {[%emt 0:00:14]} 51. Re7+ {[%emt 0:00:13]} Kc8 {[%emt 0:00:15]} 52. Qc7# 1-0

[Event "GER-ch Youth U10W 2020"]
[Site "Willingen"]
[Date "2020.10.28"]
[Round "2.13"]
[White "Mo, Keyou"]
[Black "Halas, Neele Zoe"]
[Result "0-1"]
[WhiteElo "950"]
[BlackElo "1295"]
[Annotator "NA RC"]
[PlyCount "86"]
[EventDate "2020.10.27"]
[EventType "swiss"]
[EventRounds "7"]
[EventCountry "GER"]
[SourceTitle "playchess.com"]
[Source "ChessBase"]
[SourceQuality "1"]
[TimeControl "40/4500+30:900+30"]

1. e4 {[%emt 0:00:00]} e5 {[%emt 0:00:00]} 2. Nf3 {[%emt 0:00:00]} Nc6 {[%emt 0:00:00]} 3. Bc4 {[%emt 0:00:00]} Bc5 {[%emt 0:00:00]} 4. O-O {[%emt 0:00:00]} Nf6 {[%emt 0:00:07]} 5. d3 {[%emt 0:00:06]} d6 {[%emt 0:00:08]} 6. Bg5 {[%emt 0:00:43]} h6 {[%emt 0:00:17]} 7. Bh4 {[%emt 0:00:21]} g5 {[%emt 0:02:04]} 8. Bg3 {[%emt 0:00:21]} Bg4 {[%emt 0:00:29]} 9. h3 {[%emt 0:00:11]} Be6 {[%emt 0:02:36]} 10. Bb3 {[%emt 0:03:03]} Qd7 {[%emt 0:02:29]} 11. Bxe6 {[%emt 0:02:59]} fxe6 {[%emt 0:01:31]} 12. Nc3 {[%emt 0:04:21]} O-O-O {[%emt 0:02:20]} 13. Qd2 {[%emt 0:03:47]} Nh5 {[%emt 0:06:55]} 14. Bh2 {[%emt 0:06:02]} Nf4 {[%emt 0:01:21]} 15. Bxf4 {[%emt 0:02:59]} exf4 {[%emt 0:00:13]} 16. d4 {[%emt 0:01:51]} Bb6 {[%emt 0:00:32]} 17. d5 {[%emt 0:02:48]} Ne7 {[%emt 0:04:24]} 18. Nd4 {[%emt 0:05:21]} Bxd4 {[%emt 0:05:04]} 19. Qxd4 {[%emt 0:01:34]} e5 {[%emt 0:00:07]} 20. Qxa7 {[%emt 0:01:04]} c6 {[%emt 0:03:52]} 21. Na4 {[%emt 0:04:11]} Qe8 {[%emt 0:08:06]} 22. Rab1 {[%emt 0:07:29]} cxd5 {[%emt 0:01:40]} 23. Nb6+ {[%emt 0:04:38]} Kc7 {[%emt 0:01:46]} 24. exd5 {[%emt 0:01:21]} Qb5 {[%emt 0:00:50]} 25. c4 {[%emt 0:15:10]} Qxb6 {[%emt 0:00:24]} 26. Qxb6+ {[%emt 0:00:18]} Kxb6 {[%emt 0:00:26]} 27. b3 {[%emt 0:00:28]} Nf5 {[%emt 0:00:19]} 28. a4 {[%emt 0:00:51]} Ra8 {[%emt 0:00:40]} 29. Ra1 {[%emt 0:01:14]} Kc5 {[%emt 0:00:16]} 30. a5 {[%emt 0:00:49]} Kb4 {[%emt 0:00:12]} 31. Rfb1 {[%emt 0:01:05]} Rxa5 {[%emt 0:00:30]} 32. Rxa5 {[%emt 0:00:14]} Kxa5 33. b4+ {[%emt 0:00:05]} Kb6 {[%emt 0:01:00]} 34. f3 {[%emt 0:00:10]} Rc8 {[%emt 0:00:14]} 35. g4 {[%emt 0:00:14]} Nd4 {[%emt 0:00:28]} 36. Rc1 {[%emt 0:00:45]} Ne2+ {[%emt 0:00:03]} 37. Kf2 {[%emt 0:00:22]} Nxc1 {[%emt 0:00:07]} 38. Ke1 {[%emt 0:01:22]} Rxc4 {[%emt 0:00:17]} 39. Kd2 {[%emt 0:00:09]} Kb5 40. Kd1 Rc3 {[%emt 0:00:41]} 41. Kd2 {[%emt 0:15:37]} Kc4 {[%emt 0:15:12]} 42. Ke1 {[%emt 0:00:30]} Rc2 {[%emt 0:00:32]} 43. Kd1 {[%emt 0:00:00]} Nd3 {[%emt 0:00:00]} 0-1

[Event "GER-ch Youth U10W 2020"]
[Site "Willingen"]
[Date "2020.10.28"]
[Round "2.14"]
[White "Becker, Hanna Charlotte"]
[Black "Mehner, Clara"]
[Result "0-1"]
[WhiteElo "853"]
[BlackElo "1244"]
[Annotator "NA RC"]
[PlyCount "90"]
[EventDate "2020.10.27"]
[EventType "swiss"]
[EventRounds "7"]
[EventCountry "GER"]
[SourceTitle "playchess.com"]
[Source "ChessBase"]
[SourceQuality "1"]
[TimeControl "40/4500+30:900+30"]

1. d4 {[%emt 0:00:00]} d5 {[%emt 0:00:00]} 2. c4 {[%emt 0:00:00]} Nf6 {[%emt 0:00:21]} 3. cxd5 {[%emt 0:00:03]} Nxd5 {[%emt 0:00:37]} 4. e4 {[%emt 0:00:19]} Nb6 {[%emt 0:01:06]} 5. Nf3 {[%emt 0:00:47]} e6 {[%emt 0:02:15]} 6. Bb5+ {[%emt 0:02:14]} Bd7 {[%emt 0:01:16]} 7. Nc3 {[%emt 0:01:44]} Bxb5 {[%emt 0:03:18]} 8. Nxb5 {[%emt 0:01:53]} c5 {[%emt 0:02:20]} 9. Bf4 {[%emt 0:00:21]} Nc6 {[%emt 0:07:13]} 10. Nc7+ {[%emt 0:01:22]} Ke7 {[%emt 0:11:30]} 11. Nxa8 {[%emt 0:03:11]} Nxa8 {[%emt 0:03:43]} 12. Be3 {[%emt 0:01:16]} c4 {[%emt 0:09:56]} 13. Bg5+ {[%emt 0:00:49]} f6 {[%emt 0:01:09]} 14. Bf4 {[%emt 0:02:03]} Kf7 {[%emt 0:06:53]} 15. O-O {[%emt 0:00:34]} g5 {[%emt 0:02:36]} 16. Bg3 {[%emt 0:01:39]} h5 {[%emt 0:04:08]} 17. h3 {[%emt 0:00:38]} Ne7 {[%emt 0:07:11]} 18. e5 {[%emt 0:01:12]} Ng6 {[%emt 0:04:13]} 19. h4 g4 20. Ne1 {[%emt 0:03:44]} f5 {[%emt 0:02:01]} 21. Rc1 {[%emt 0:01:22]} f4 {[%emt 0:01:07]} 22. Bh2 {[%emt 0:00:26]} b5 {[%emt 0:00:30]} 23. a4 {[%emt 0:00:35]} a6 {[%emt 0:00:57]} 24. b3 {[%emt 0:01:32]} Qxh4 {[%emt 0:03:06]} 25. axb5 {[%emt 0:00:42]} axb5 {[%emt 0:01:02]} 26. bxc4 {[%emt 0:00:15]} bxc4 {[%emt 0:00:27]} 27. Rxc4 {[%emt 0:00:09]} Be7 {[%emt 0:00:48]} 28. Qa4 {[%emt 0:03:47]} Nb6 {[%emt 0:01:07]} 29. Qa6 {[%emt 0:04:07]} Nxc4 {[%emt 0:00:03]} 30. Qxc4 {[%emt 0:00:07]} g3 {[%emt 0:00:19]} 31. fxg3 {[%emt 0:00:41]} Qg4 {[%emt 0:00:39]} 32. gxf4 {[%emt 0:01:00]} Kg7 {[%emt 0:00:50]} 33. Nd3 {[%emt 0:01:25]} Nh4 {[%emt 0:01:39]} 34. Rf2 {[%emt 0:01:22]} Rg8 {[%emt 0:01:35]} 35. g3 {[%emt 0:00:15]} Qd1+ {[%emt 0:01:27]} 36. Rf1 {[%emt 0:00:50]} Nf3+ {[%emt 0:01:06]} 37. Kg2 {[%emt 0:01:11]} Qe2+ {[%emt 0:00:58]} 38. Rf2 {[%emt 0:00:44]} Ne1+ {[%emt 0:01:15]} 39. Kh1 {[%emt 0:01:19]} Qe4+ {[%emt 0:00:56]} 40. Kg1 {[%emt 0:00:13]} Rb8 {[%emt 0:00:21]} 41. Qc3 {[%emt 0:16:04]} Bb4 {[%emt 0:16:14]} 42. Qa1 {[%emt 0:00:43]} Qe3 {[%emt 0:01:23]} 43. Kh1 {[%emt 0:00:53]} Kg6 {[%emt 0:00:50]} 44. Qb1 {[%emt 0:00:56]} Kh6 {[%emt 0:00:39]} 45. Qd1 {[%emt 0:03:05]} Qe4+ {[%emt 0:00:00]} 0-1

[Event "GER-ch Youth U10W 2020"]
[Site "Willingen"]
[Date "2020.10.28"]
[Round "2.15"]
[White "Tu, Audrey"]
[Black "Bako, Isabella"]
[Result "0-1"]
[WhiteElo "754"]
[BlackElo "1153"]
[Annotator "NA RC"]
[PlyCount "102"]
[EventDate "2020.10.27"]
[EventType "swiss"]
[EventRounds "7"]
[EventCountry "GER"]
[SourceTitle "playchess.com"]
[Source "ChessBase"]
[SourceQuality "1"]
[TimeControl "40/4500+30:900+30"]

1. e4 {[%emt 0:00:00]} c5 {[%emt 0:00:00]} 2. Nf3 {[%emt 0:00:00]} d6 {[%emt 0:00:02]} 3. Bc4 {[%emt 0:00:13]} e6 {[%emt 0:00:46]} 4. O-O {[%emt 0:00:34]} Nc6 {[%emt 0:03:26]} 5. d3 {[%emt 0:01:47]} Nf6 {[%emt 0:02:39]} 6. Nc3 {[%emt 0:00:45]} g6 {[%emt 0:03:49]} 7. Bg5 {[%emt 0:01:36]} Bg7 {[%emt 0:01:25]} 8. Re1 {[%emt 0:03:02]} Qc7 {[%emt 0:08:38]} 9. Nb5 {[%emt 0:05:21]} Qb8 {[%emt 0:03:58]} 10. Qd2 {[%emt 0:06:09]} O-O {[%emt 0:05:43]} 11. Qc3 {[%emt 0:02:23]} Nxe4 {[%emt 0:06:26]} 12. Qb3 {[%emt 0:01:58]} Nxg5 {[%emt 0:02:59]} 13. Nxg5 {[%emt 0:00:34]} a6 {[%emt 0:03:22]} 14. Nc3 {[%emt 0:05:13]} d5 {[%emt 0:03:59]} 15. Bxd5 {[%emt 0:04:14]} exd5 {[%emt 0:02:39]} 16. Qxd5 {[%emt 0:04:38]} h6 {[%emt 0:06:21]} 17. Nf3 {[%emt 0:03:22]} Nb4 {[%emt 0:05:34]} 18. Qb3 {[%emt 0:02:36]} Be6 {[%emt 0:02:18]} 19. Rxe6 {[%emt 0:03:52]} fxe6 {[%emt 0:02:11]} 20. Qxe6+ {[%emt 0:01:53]} Kh7 {[%emt 0:01:09]} 21. Qe7 {[%emt 0:02:00]} b6 {[%emt 0:05:11]} 22. Re1 {[%emt 0:03:41]} Re8 {[%emt 0:03:36]} 23. Qxe8 {[%emt 0:03:42]} Qxe8 {[%emt 0:00:16]} 24. Rxe8 {[%emt 0:00:37]} Rxe8 {[%emt 0:00:05]} 25. h3 {[%emt 0:00:17]} Bxc3 {[%emt 0:01:05]} 26. a3 {[%emt 0:01:30]} Nxc2 {[%emt 0:00:54]} 27. bxc3 {[%emt 0:00:24]} Nxa3 {[%emt 0:00:11]} 28. d4 {[%emt 0:02:28]} cxd4 {[%emt 0:00:55]} 29. cxd4 {[%emt 0:00:08]} Rd8 {[%emt 0:00:45]} 30. g4 {[%emt 0:00:35]} Nb5 {[%emt 0:00:23]} 31. h4 {[%emt 0:02:08]} Nxd4 {[%emt 0:00:08]} 32. Nd2 {[%emt 0:01:26]} Ne2+ {[%emt 0:00:29]} 33. Kf1 {[%emt 0:00:15]} Rxd2 {[%emt 0:00:09]} 34. Ke1 {[%emt 0:00:20]} Rc2 {[%emt 0:00:19]} 35. Kd1 {[%emt 0:00:13]} Nd4 {[%emt 0:00:28]} 36. f4 {[%emt 0:00:35]} b5 {[%emt 0:00:16]} 37. f5 {[%emt 0:00:18]} gxf5 {[%emt 0:00:13]} 38. gxf5 {[%emt 0:00:12]} Rc6 {[%emt 0:00:24]} 39. Kd2 {[%emt 0:00:36]} Nxf5 {[%emt 0:00:22]} 40. h5 {[%emt 0:00:10]} b4 {[%emt 0:00:13]} 41. Kd3 {[%emt 0:15:12]} b3 {[%emt 0:15:10]} 42. Ke4 {[%emt 0:00:05]} b2 {[%emt 0:00:18]} 43. Kxf5 {[%emt 0:00:06]} b1=Q+ {[%emt 0:00:15]} 44. Ke5 {[%emt 0:00:45]} Qd1 {[%emt 0:00:20]} 45. Ke4 {[%emt 0:00:16]} Re6+ {[%emt 0:00:12]} 46. Kf4 {[%emt 0:00:13]} Qf1+ {[%emt 0:00:18]} 47. Kg3 {[%emt 0:00:02]} Re4 {[%emt 0:00:47]} 48. Kh2 Qf3 {[%emt 0:00:03]} 49. Kg1 {[%emt 0:20:37]} Rg4+ {[%emt 0:00:36]} 50. Kh2 {[%emt 0:00:25]} Qf2+ {[%emt 0:00:23]} 51. Kh3 {[%emt 0:00:18]} Qh4# 0-1